Kanaklata Barua/ (Record no. 206313)

MARC details
000 -LEADER
fixed length control field 00571nam a22001937a 4500
005 - DATE AND TIME OF LATEST TRANSACTION
control field 20241011121117.0
010 ## - LCCN (DPL NO)
LC control number ENG-142056
020 ## - INTERNATIONAL STANDARD BOOK NUMBER
International Standard Book Number 9789354911163
Terms of availability 160.00
035 ## - SYSTEM CONTROL NUMBER
System control number EN-125588
037 ## - SOURCE OF ACQUISITION
Source of stock number/acquisition DBAD
082 ## - DEWEY DECIMAL CLASSIFICATION NUMBER
Classification number 921
Edition number 1
100 ## - MAIN ENTRY--PERSONAL NAME
Personal name Bora, Shiela
245 ## - TITLE STATEMENT
Title Kanaklata Barua/
Statement of responsibility, etc By Shiela Bora
250 ## - EDITION STATEMENT
Edition statement 1
260 ## - PUBLICATION, DISTRIBUTION, ETC. (IMPRINT)
Place of publication, distribution, etc New Delhi
Name of publisher, distributor, etc National Book Trust, India
Date of publication, distribution, etc 2022(Revised)
270 ## - ADDRESS
Address Nehru Bhawan, 5 Institutional Area, Phase-II Vasant Kunj
City New Delhi
Postal code 110070
300 ## - PHYSICAL DESCRIPTION
Extent 92p.
Dimensions 19cm(pb)
942 ## - ADDED ENTRY ELEMENTS (KOHA)
Source of classification or shelving scheme Dewey Decimal Classification
Item type English Books
Call number suffix BOR
Classification part 921
Holdings
Withdrawn status Lost status Not for loan Collection code Home library Current library Date acquired Source of acquisition Cost, normal purchase price Full call number Barcode Copy number Cost, replacement price Koha item type
    Not For Loan Non-fiction D.B.Act.Division D.B.Act.Division 11/10/2024 Delivery of Books Act Division 160.00 BOR 921 EN-125588 1 160.00 English Books

© Delhi Public Library
Hit Counter
free hit counter